[Event "Titled Tuesday intern op 13th Jun Early"]
[Site "Chess.com INT"]
[Date "2023.06.13"]
[Round "3"]
[White "Pinheiro, Iung Alicio"]
[Black "Escudero Donoso, Felipe"]
[Result "1-0"]
[WhiteElo "2306"]
[BlackElo "2074"]
[PlyCount "93"]
[EventDate "2023.06.13"]
[EventType "swiss (blitz)"]
[EventRounds "11"]
[EventCountry "USA"]
[SourceTitle "EXT 2024"]
[Source "ChessBase"]
[SourceDate "2023.10.10"]
[SourceVersion "1"]
[SourceVersionDate "2023.10.10"]
[SourceQuality "1"]

1. e4 c6 2. Nc3 d5 3. Nf3 Nf6 4. e5 Ne4 5. Ne2 Qb6 6. d4 Bg4 7. Nfg1 Bxe2 8. Bxe2 h6 9. f3 Ng5 10. h4 Ne6 11. f4 Qxd4 12. Nf3 Qb6 13. Qd3 Nd7 14. Be3 Qxb2 15. 0-0 Ndc5 16. Qd2 Ne4 17. Qd3 N6c5 18. Bxc5 Nxc5 19. Qe3 e6 20. Nd4 Ne4 21. Nb3 Qc3 22. Bd3 a5 23. Qf3 a4 24. Bxe4 Qxf3 25. Bxf3 axb3 26. axb3 Bc5+ 27. Kh2 Kd7 28. g3 Bd4 29. Rxa8 Rxa8 30. Be2 Ra2 31. Bd3 c5 32. Kh3 g6 33. h5 gxh5 34. Kh4 c4 35. bxc4 dxc4 36. Be4 b6 37. Kxh5 Kc7 38. Kxh6 Ra3 39. g4 Rh3+ 40. Kg5 b5 41. Kf6 Rg3 42. g5 b4 43. Kxf7 Kd7 44. g6 b3 45. cxb3 cxb3 46. g7 b2 47. g8Q 1-0

[Event "Titled Tuesday intern op 06th Jun Early"]
[Site "Chess.com INT"]
[Date "2023.06.06"]
[Round "3"]
[White "Escudero Donoso, Felipe"]
[Black "Mazurkiewicz, Michal"]
[Result "0-1"]
[WhiteElo "2074"]
[BlackElo "2145"]
[PlyCount "88"]
[EventDate "2023.06.06"]
[EventType "swiss (blitz)"]
[EventRounds "11"]
[EventCountry "USA"]
[SourceTitle "EXT 2024"]
[Source "ChessBase"]
[SourceDate "2023.10.10"]
[SourceVersion "1"]
[SourceVersionDate "2023.10.10"]
[SourceQuality "1"]

1. d4 Nf6 2. c4 e5 3. dxe5 Ng4 4. e4 Nxe5 5. f4 Nec6 6. Nc3 Bc5 7. Na4 Bd4 8. Nf3 Bf6 9. e5 Be7 10. Bd3 d6 11. 0-0 Bg4 12. h3 Bxf3 13. Qxf3 dxe5 14. Be4 0-0 15. fxe5 Nxe5 16. Qh5 Qd4+ 17. Kh1 Qxe4 18. Bd2 Ng6 19. Rae1 Qxc4 20. b3 Qd3 21. Bc1 Nc6 22. Rf3 Qc2 23. Rc3 Qxa2 24. Bb2 Bf6 25. Ra1 Qxa1+ 26. Bxa1 Bxc3 27. Bxc3 Rad8 28. Nc5 b6 29. Ne4 Rd3 30. Qb5 Rd1+ 31. Kh2 Nd4 32. Qh5 c5 33. Qxd1 Re8 34. Bxd4 Rxe4 35. Bf2 h6 36. Bg3 Re3 37. Qd8+ Kh7 38. Qd5 Re7 39. Bd6 Re6 40. Bg3 a5 41. h4 Ne7 42. Qd3+ g6 43. h5 Nf5 44. Qf3 Re3 0-1

[Event "Titled Tuesday intern op 06th Jun Early"]
[Site "Chess.com INT"]
[Date "2023.06.06"]
[Round "4"]
[White "Skiadopoulos, Nikolaos"]
[Black "Escudero Donoso, Felipe"]
[Result "0-1"]
[WhiteElo "1896"]
[BlackElo "2074"]
[PlyCount "96"]
[EventDate "2023.06.06"]
[EventType "swiss (blitz)"]
[EventRounds "11"]
[EventCountry "USA"]
[SourceTitle "EXT 2024"]
[Source "ChessBase"]
[SourceDate "2023.10.10"]
[SourceVersion "1"]
[SourceVersionDate "2023.10.10"]
[SourceQuality "1"]

1. e4 c6 2. d4 d5 3. e5 Bf5 4. Ne2 h6 5. Nf4 e6 6. g4 Bh7 7. h4 Be7 8. h5 Bg5 9. Bd3 Bxd3 10. Qxd3 Ne7 11. Nc3 Qb6 12. Be3 Qa6 13. 0-0-0 b5 14. a3 Qb7 15. Nfxd5 Nxd5 16. Nxd5 cxd5 17. f4 Be7 18. f5 Kd7 19. fxe6+ fxe6 20. Qg6 Rg8 21. Rhf1 Nc6 22. Rf7 Raf8 23. Rdf1 b4 24. Rxf8 Rxf8 25. Rxf8 Bxf8 26. axb4 Qxb4 27. c3 Qe7 28. Qd3 Kc7 29. c4 Nb4 30. Qb3 dxc4 31. Qxc4+ Kd8 32. Bd2 Qc7 33. b3 Qxc4+ 34. bxc4 Nd3+ 35. Kc2 Nf2 36. g5 Ne4 37. gxh6 gxh6 38. Ba5+ Kd7 39. Kd3 Ng3 40. d5 Nxh5 41. Kd4 Nf4 42. Bd2 Ng6 43. c5 exd5 44. Kxd5 Ne7+ 45. Kc4 Ke6 46. Kb5 Kxe5 47. Ka6 Nc6 48. Kb7 Kd5 0-1

[Event "Titled Tuesday intern op 06th Sep Late"]
[Site "Chess.com INT"]
[Date "2022.09.06"]
[Round "3"]
[White "Escudero Donoso, Felipe"]
[Black "Djokic, Mihailo"]
[Result "1-0"]
[WhiteElo "2117"]
[BlackElo "2197"]
[PlyCount "125"]
[EventDate "2022.09.06"]
[EventType "swiss (blitz)"]
[EventRounds "11"]
[EventCountry "USA"]
[SourceTitle "EXT 2023"]
[Source "ChessBase"]
[SourceDate "2022.10.05"]
[SourceVersion "1"]
[SourceVersionDate "2022.10.05"]
[SourceQuality "1"]

1. Nf3 Nf6 2. c4 g6 3. g3 Bg7 4. Bg2 0-0 5. 0-0 d6 6. d4 Nc6 7. Nc3 a6 8. b3 Rb8 9. d5 Na5 10. Bg5 c5 11. dxc6 Nxc6 12. Rc1 Qa5 13. Qd2 Rd8 14. Nd5 Qxd2 15. Bxd2 Ne4 16. Be3 e6 17. Nb6 Nc3 18. Rc2 Nb4 19. Rd2 Ncxa2 20. c5 d5 21. Bf4 e5 22. Nxe5 Be6 23. Nd3 Nxd3 24. Bxb8 Rxb8 25. Rxd3 Nb4 26. Rdd1 d4 27. Nc4 Rc8 28. Bxb7 Rxc5 29. e3 d3 30. Be4 Bh3 31. Bg2 Bg4 32. f3 Be6 33. Nd2 Nc2 34. Kf2 Ra5 35. Nc4 Ra2 36. Rxd3 Bf6 37. Rd2 Nb4 38. Rxa2 Nxa2 39. Rd1 Nb4 40. f4 Bg4 41. Bf3 Be6 42. e4 Be7 43. e5 Bc5+ 44. Kg2 Bf5 45. Nd6 Nc2 46. Nxf5 gxf5 47. Rc1 Ne3+ 48. Kh1 Bd4 49. Rc8+ Kg7 50. Ra8 Nc2 51. Rxa6 Ne1 52. Bg2 Nd3 53. Ra8 Nf2+ 54. Kg1 Ng4+ 55. Kf1 Nxh2+ 56. Ke2 Ng4 57. b4 Ne3 58. Bf3 Nc2 59. b5 Bc5 60. Rc8 Nd4+ 61. Kd3 Ne6 62. Bd5 Bb6 63. Bxe6 1-0

[Event "Titled Tuesday intern op 06th Sep Late"]
[Site "Chess.com INT"]
[Date "2022.09.06"]
[Round "8"]
[White "Escudero Donoso, Felipe"]
[Black "Hirneise, Jens"]
[Result "1-0"]
[WhiteElo "2117"]
[BlackElo "2316"]
[PlyCount "119"]
[EventDate "2022.09.06"]
[EventType "swiss (blitz)"]
[EventRounds "11"]
[EventCountry "USA"]
[SourceTitle "EXT 2023"]
[Source "ChessBase"]
[SourceDate "2022.10.05"]
[SourceVersion "1"]
[SourceVersionDate "2022.10.05"]
[SourceQuality "1"]

1. Nf3 d5 2. d4 Nd7 3. c4 dxc4 4. e4 e6 5. Bxc4 Nb6 6. Be2 Nf6 7. Nc3 Bb4 8. Qc2 c5 9. dxc5 Bxc5 10. 0-0 0-0 11. e5 Nfd5 12. Ne4 Be7 13. Neg5 g6 14. a3 Bd7 15. Qe4 h6 16. Nh3 Kg7 17. Nd4 Rc8 18. f4 Bc6 19. Nxc6 Rxc6 20. g4 Bc5+ 21. Kh1 Ne7 22. f5 exf5 23. gxf5 Qd5 24. f6+ Kh7 25. Bf3 Qxe4 26. Bxe4 Ned5 27. Rd1 Rd8 28. Bd2 Bd4 29. Nf4 Bxb2 30. Rab1 Bxe5 31. Nxd5 Nxd5 32. Ba5 b6 33. Bxd5 Rcd6 34. Bf3 Rxd1+ 35. Rxd1 Rxd1+ 36. Bxd1 bxa5 37. Bb3 Kg8 38. Kg2 Bxf6 39. Kf3 Be7 40. a4 Bd6 41. Ke4 Bxh2 42. Kd5 Kg7 43. Kc6 Bg1 44. Kd5 Bb6 45. Ke4 h5 46. Kf3 f5 47. Be6 Kf6 48. Bc4 g5 49. Ba6 Bc7 50. Bc8 g4+ 51. Kg2 Kg5 52. Bd7 h4 53. Bc8 h3+ 54. Kh1 f4 55. Bd7 f3 56. Kg1 Kh4 57. Bc6 Bb6+ 58. Kh1 f2 59. Bb5 g3 60. Bf1 1-0